| 000 | 00393cam a22001457a 4500 | ||
|---|---|---|---|
| 008 | 180718b2000 xxu||||| |||| 00| 0 eng d | ||
| 020 | _a0712684751 | ||
| 082 | _aT39 R848 | ||
| 100 | _aRugman, Alan | ||
| 245 |
_aThe end of globlization _cby Alan Rugman |
||
| 260 |
_aNew Zealand _bRandom House _c2000 |
||
| 300 | _a237p. | ||
| 650 | _aWorld Trade Organization (WTO) | ||
| 650 | _aGlobalization | ||
| 999 |
_c492043 _d492043 |
||